Ben Tings - Statistics

General Stats
  • This quiz has been taken 3 times
  • The average score is 11 of 21
Answer Stats
Hint Answer % Correct
What will Benny be undoubtedly full of by the end of his shift? Chippies
100%
Name of his band? DEDPAN
100%
What does Benny play? Drums
100%
Which International Touring Artist has Ben played with? Edward Barnes
100%
What type of music does Benny play? Punk Rock
100%
How long did his dog live? 19 years (FOREVER)
50%
How does Caleb refer to Ben's musical genre? Angry Yelling
50%
Or? Bird Noises
50%
Previous band? Black Heart Breakers
50%
Whose car does Benny borrow? Brothers (Adam)
50%
Which religious cult did he grow up with? Catholic Church
50%
Favourite Meal to make himself? Chickpea Curry
50%
Favourite Movie? Love Actually
50%
What is Bennys favourite beer at work? Nitro Stout
50%
Which school did Benny attend Oakhill College
50%
Whos Bennys favourite Food Truck? Satay Bros
50%
Where did Ben grow up? Winston Hills
50%
What is his favourite quote from What We Do in The Shadows Fuckin Mike
0%
Where's Ben's Dad From? He doesn't know
0%
Favourite dog? Mutt
0%
What will Ben blurt out of nowhere? Would you like fries with that?
0%
No matching quizzes found
Score Distribution
Percent of People with Each Score
Percentile by Number Answered
Your Score History
You have not taken this quiz